| 000 | 02000njm a2200385 i 4500 | ||
|---|---|---|---|
| 001 | 4589 | ||
| 003 | ES-MaACL | ||
| 005 | 20250824003215.0 | ||
| 007 | s|r||||||||||| | ||
| 008 | 041210s1982 sp ||| g ||||||||1|nspa d | ||
| 100 | 1 |
_aGutiérrez Vega, Hugo. _961235 |
|
| 245 | 1 | 0 |
_aMúsica y cultura popular en México _h[Grabación sonora] _b: ; Concierto por el Quinteto de viento Koan / _cinterviene Hugo Gutiérrez Vega. |
| 260 |
_aMadrid : _bAteneo de Madrid, _c1982. |
||
| 300 |
_a2 discos (CD-DA) (1 h. 44 min. 50 seg.) ; _c12 cm. |
||
| 490 | 1 | _aFestival Hispano-Mexicano de Música Contemporánea (9º. 1982. Madrid | |
| 500 | _aDatos basados en invitación. | ||
| 505 | 8 | _aPrograma: Testuras y estructuras / Gerardo Gombau. Game / Mario Lavista. Offenes trio / Juan Hidalgo. Fin de verano / Lan Adomián. -- Intermedio: Koanquintet / Carmelo Alonso Bernaola. Formas plásticas / Francisco Savín. Kukulkan / Tomás Marco | |
| 511 | 0 | _aRafael Revert (flauta), José García (oboe), Adolfo Garcés (clarinete), Peregrín Caldés (trompa), Rafael Ángel (fagot) | |
| 518 | _aActo organizado por la Sección de Música del Ateneo de Madrid, grabado en el salón de actos el lunes 25 de octubre de 1982, a partir de las 19:00 h. | ||
| 610 | 2 | 4 |
_aAteneo de Madrid- _xActos culturales- _y1982- _vGrabaciones sonoras. _91895 |
| 650 | 4 |
_aCanciones populares- _zMéxico. _910738 |
|
| 650 | 4 |
_aConciertos. _915409 |
|
| 700 | 1 |
_aRevert Cros, Rafael. _996414 |
|
| 700 | 1 |
_aGarcía, José _c, (músico) _954052 |
|
| 700 | 1 |
_aGarcés, Adolfo. _953963 |
|
| 700 | 1 |
_aCaldés, Peregrín. _933638 |
|
| 700 | 1 |
_aÁngel Navarro, Rafael. _921706 |
|
| 710 | 2 |
_aQuinteto de viento Koan. _96279 |
|
| 710 | 2 |
_aAteneo de Madrid. _bSección de Música. _92004 |
|
| 830 | 0 | 0 |
_aFestival Hispano-Mexicano de Música Contemporánea (9º. 1982. Madrid) _9176706 |
| 852 |
_aES-MaACL _jROT 5/1/31 _94706 _cROT |
||
| 852 |
_aES-MaACL _jROT 5/1/32 _9203612 _cROT |
||
| 942 | _2udc | ||
| 999 |
_c4589 _d4589 |
||